000 00598nam a2200181 a 4500
005 20140412111247.0
008 010907s19uu xx 00 eng d
020 _a0-7214-9681-4
050 _aER
_bOn2 1989
100 _aPorter, Sue
245 _aOne potato /
_cSue Porter.
260 _aLeicestershire, UK :
_bLadybird Books Int'l,
_c1989.
300 _a1 v. (unp.) ; ill.
520 _aWith one potato left on the table the cow, pig, goose, sheep compete whoever win the game will eat the one potato left.
650 _aAnimals--Fiction
650 _aCompetition--Fiction
999 _c102981
_d102981